schafter - Wszystkie piosenki (trudna wersja) - Statystyki

Ogólne statystyki
  • Ten quiz został rozwiązany 249 razy
    24 od ostatniego zresetowania
  • Średni wynik to 46 z 134
Statystyki odpowiedzi
Album/EP/Singiel Tytuł Goście/Gościnnie u % Poprawnych
Audiotele hot coffee
77%
hors d'oeuvre blow off
69%
2018 Released dvd mlodyskiny
69%
club2020 Mixtape O.N.A Taco Hemingway, Otsochodzi
69%
RAMOTKA ONA (PREQUEL)
69%
hors d'oeuvre pub
69%
hors d'oeuvre tom & jerry
69%
hors d'oeuvre blur
62%
hors d'oeuvre cameltoe vkie
62%
hors d'oeuvre candy.doll
62%
palimpsest da vinci
62%
FUTURA intro
62%
FUTURA outro
62%
2025 Released | Audiotele pejzaż (hoshii sessions)
62%
FUTURA 3.5 karrat
54%
Audiotele akt zgonu in blanco Ras, Młody Dzban
54%
Audiotele bigos Taco hemingway
54%
2018 Released elegy driftin młodszy joe
54%
FUTURA eskeemos
54%
club2020 Landlord OIO
54%
Audiotele marvin
54%
hors d'oeuvre miami 1999
54%
palimpsest moment
54%
Audiotele pager Belmodno
54%
FUTURA swimming lessons Young Igi
54%
2019 Released 9 żyć Kubi Producent, Otsochodzi, PlanBe
46%
Audiotele aperitif
46%
Audiotele double D's Żabson
46%
FUTURA für jenny
46%
2017 Released ֎ hotel wolnych .pokoi [deluxe]
46%
Audiotele kwaśny diesel
46%
2023 Released Mozzarella Stick Young Igi
46%
2023 Released Nametag Taco Hemingway, Oki
46%
2018 Released Nintendo Deys
46%
2018 Released pagani
46%
FUTURA paryż z okna
46%
FUTURA push to talk
46%
2023 Released WWA NA KXKSIE Yung Adisz, Gottastral
46%
FUTURA www Rosalie.
46%
2017 Released 6s iphone
38%
2019 Released Blue Coals
38%
FUTURA bombay
38%
FUTURA brak zegarka
38%
2018 Released car jacker
38%
2019 Leaks ferment Adamo Druid
38%
hors d'oeuvre good will hunting
38%
2020 Released Góra Dół Góra Dół Ras, Pezet
38%
2018 Leaks LSPD Taco hemingway
38%
2017 Leaks mazda
38%
2018 Leaks Metropolis Taco hemingway
38%
2025 Released MOONDANCE Drabusheyka
38%
palimpsest naokoło
38%
FUTURA need help Houston X
38%
2023 Released Niedziela Taco Hemingway
38%
2018 Released oversize jurciu
38%
RAMOTKA PATOLOGIA (SILHOUETTE)
38%
Audiotele ridin' round the town w czyimś Bel Air
38%
2019 Released Sezon Otsochodzi, Ten Typ Mes
38%
Audiotele spumante
38%
RAMOTKA SYNKOPY
38%
palimpsest teatr
38%
2021 Released Weird Flex CatchUp
38%
club2020 100k Euro HAŁASTRA, Łajzol, Kukon
31%
2019 Released ALERT RCB Taco hemingway
31%
FUTURA blade (bonus track)
31%
2018 Released BLONDIE vkie
31%
club2020 CYPHER2022 club2020
31%
2019 Released Czy Ty Słyszysz Mnie? Daria Zawiałow, Ralph Kaminski
31%
RAMOTKA DEEP STATE PROGRAMME
31%
club2020 Deszcz Margaret, Otsochodzi, Taco Hemingway,CatchUp, Dwa Sławy, Gruby Mielzky
31%
Audiotele geekin in the booth
31%
Audiotele highschool dxd (bonus track)
31%
FUTURA how about tonight?
31%
2018 Leaks iTunes Taco hemingway
31%
2021 Released LATE NIGHT BUMP
31%
FUTURA mało mi wciąż
31%
2022 Released MANIFESTYN
31%
Audiotele martin shkreli freestyle
31%
palimpsest palimpsest
31%
palimpsest parę dat
31%
palimpsest schron
31%
Audiotele short & bittersweet
31%
2018 Released skinny white pimp for love
31%
club2020 Mixtape Tr∆jkąt Miły ATZ, HAŁASTRA, Dwa Sławy,Taco Hemingway, Gruby Mielzky, Szczyl, Pers
31%
2017 Leaks wchodzi se taxi
31%
Audiotele włosy
31%
2017 Released wsiadam w lexus
31%
RAMOTKA AFEKT (PRELUDIUM)
23%
2025 Released ANOMALIA Drabusheyka, Jordan Tomi
23%
2020 Released Ciemność Rosalie.
23%
Audiotele cirque de soleil Oki
23%
2021 Released Co u Ciebie? Dizkret, Liroy, VNM
23%
2018 Leaks hangout Taco hemingway
23%
2020 Released #HOT16CHALLENGE2
23%
2021 Released Izoluję się Młody West
23%
club2020 Late Night Show Oki, Margaret, Dwa Sławy
23%
2017 Released lexus extended jurciu
23%
2025 Released Popiół Kukon
23%
2018 Leaks rx7 daft punk
23%
Audiotele stjärnflocka
23%
palimpsest tak po prostu
23%
2021 Released TO I TAMTO vkie
23%
2017 Released ver_sace
23%
2018 Released virtual plaza problems
23%
RAMOTKA WOLE ODPOWIADAC
23%
2017 Released zielona mila schaw
23%
2018 Leaks banshee
15%
2021 Released Bez Zarzutów Hodak
15%
palimpsest do celu
15%
2018 Released Folklor Tondos
15%
2019 Leaks hit da
15%
2023 Released Hydroterapia - schafter rework Brodka, Zdechły Osa
15%
2020 Released KID CUDI REMIX
15%
RAMOTKA KLEJNOTY
15%
2022 Released Lepiej nie myśleć Catz 'n Dogz, Przyłu
15%
2023 Released PareOs. Jerzyk Krzyżyk, NAOMS
15%
palimpsest płaszcz
15%
2024 Released porcelana Kukon
15%
RAMOTKA SIESPRAWDZAM
15%
2020 Released WAIT HOE vkie
15%
2025 Released Wielka Rzecz BigUp Tour
15%
2018 Released yung billy & restaurant posse
15%
2023 Leaks 0000 in Pargue
8%
2023 Leaks AFERA OZNACZENIOWA SAMSUNGSOSA
8%
2023 Leaks A FIT SKINNY BIH FREESTYLE
8%
2023 Released duchy w nas Michał Anioł
8%
2018 Released HD vkie
8%
2023 Leaks INIMANIMINIGORSETO
8%
2021 Released Lifestyle Houston X
8%
2025 Leaks Osobowości Rozpad
8%
2022 Released Tęsknię za burubajką Gospel
8%
2018 Leaks you so fuckin' precious when u smile
8%
2017 Released budd dywer freestyle
0%
Nie znaleziono quizów pasujących do podanych kryteriów
Rozkład punktacji
Procent ludzi z każdym wynikiem
Percentyl według liczby udzielonych odpowiedzi
Twoja historia wyników
Nie rozwiązałeś tego quizu od ostatniego zresetowania